| 000 | 00499nam a2200181Ia 4500 | ||
|---|---|---|---|
| 003 | GCL | ||
| 008 | 140319s9999 xx 000 0 ara d | ||
| 040 |
_aGCL / _cGCL |
||
| 082 | 0 | 4 |
_aط _b813.03 _bف ل |
| 100 | 1 | _aفؤاد حداد | |
| 245 | 1 | 0 |
_aليمونة المحاياة / _cفؤاد حداد |
| 300 | _a31 ص | ||
| 490 |
_aسلسلة الافق الجديد _v0 |
||
| 650 | 0 | 4 | _aالقصص العربية |
| 650 | 0 | 4 | _aالاطفال |
| 650 | 0 | 4 | _aقصص الاطفال |
| 942 |
_2ddc _cBK |
||
| 999 |
_c51059 _d51059 |
||